[Event "ESP-ch U14"]
[Site "Salobrena"]
[Date "2020.08.03"]
[Round "1"]
[White "Portero Rubio, Martin"]
[Black "Cuadrado Carmona, Javier"]
[Result "0-1"]
[WhiteElo "1501"]
[BlackElo "1824"]
[PlyCount "84"]
[EventDate "2020.08.03"]
[EventType "swiss"]
[EventRounds "9"]
[EventCountry "ESP"]
[SourceTitle "EXT 2021"]
[Source "ChessBase"]
[SourceDate "2020.10.23"]
[SourceVersion "1"]
[SourceVersionDate "2020.10.23"]
[SourceQuality "1"]

1. e4 e5 2. Nf3 Nc6 3. Bc4 Bc5 4. 0-0 Nf6 5. d4 Bxd4 6. Nxd4 Nxd4 7. Bg5 d6 8. f4 Bg4 9. Bxf6 Bxd1 10. Bxd8 Rxd8 11. Rxd1 Nxc2 12. Nc3 Nxa1 13. Rxa1 exf4 14. Nd5 0-0 15. Nxf4 Rfe8 16. Nh3 c6 17. Ng5 d5 18. exd5 cxd5 19. Bb3 h6 20. Nf3 Re2 21. Rd1 Rxb2 22. Kf1 Kf8 23. Ne5 Re8 24. Rxd5 Rc8 25. Nd3 Rd2 26. Ke1 Rxg2 27. Rd7 Kg8 28. Rxf7 Kh7 29. Rxb7 Rxh2 30. Rxa7 Rc3 31. Rd7 h5 32. Be6 Kh6 33. Nf2 Re3+ 34. Kf1 Rxe6 35. a4 Rf6 36. Rd2 Rh1+ 37. Kg2 Ra1 38. Ne4 Rg6+ 39. Kh2 Rxa4 40. Ng3 Rh4+ 41. Kg2 Rhg4 42. Rd3 h4 0-1